| 000 | 02310nam0a2200397 i 4500 | ||
|---|---|---|---|
| 001 | RU\NLR\BIBL_A\010200464 | ||
| 005 | 20241101004725.0 | ||
| 010 |
_a9785760908513 _9100 |
||
| 021 |
_aRU _b2013-106990 _97430 |
||
| 035 | _a(NILC)RuMoRGB-006720717 | ||
| 035 | _a(NLR Aleph) 010200464 | ||
| 090 |
_a10241119 _c10241119 |
||
| 100 | _a20140305d2013 um y0rusy50 ca | ||
| 101 | 0 |
_arus _ager |
|
| 102 | _aRU | ||
| 105 | _aa|||j||||00yy | ||
| 200 | 1 |
_aЭкономический немецкий _e[учебное пособие для студентов 3 и 4 курсов бакалавриата по направлению 035700 "Лингвистика" по дисциплине "Практикум по культуре речевого общения (немецкий язык)"] _fИ. С. Крестинский, С. В. Крестинский _gМ-во образования и науки Российской Федерации, Федеральное гос. бюджетное образовательное учреждение высш. проф. образования "Тверской гос. ун-т" |
|
| 210 |
_aТверь _cТверской государственный институт _d2013 |
||
| 215 |
_a171, [1] с. _d21 |
||
| 300 | _aЗагл. обл.: Wirtschaftsdeutsch | ||
| 320 | _aБиблиогр. в конце кн. | ||
| 512 | 1 |
_6z73790 _aWirtschaftsdeutsch |
|
| 606 | 1 |
_aНемецкий язык _jУчебные издания для высших учебных заведений _xСтилистика _91724224 _3RU\NLR\AUTH\66769800 |
|
| 675 | _a811.112.2(075.8) | ||
| 686 | 1 | _aШ143.24-93рус3-70 | |
| 700 | 1 |
_7ca _8rus _aКрестинский _bИ. С. _gИгорь Станиславович _9139218 _3RU\NLR\AUTH\770139253 |
|
| 701 | 1 |
_7ca _8rus _aКрестинский _bС. В. _gСтанислав Владимирович _9139232 _3RU\NLR\AUTH\770139267 |
|
| 790 | 1 |
_7ba _8rus _aKrestinskij _bI. S. _gIgor Stanislavovič _9139244 _3RU\NLR\AUTH\770139279 |
|
| 790 | 1 |
_7ba _8rus _aKrestinskij _bS. V. _gStanislav Vladimirovič _9139239 _3RU\NLR\AUTH\770139274 |
|
| 801 | 0 |
_aRU _bRuMoRKP _c20131230 _gRCR |
|
| 801 | 2 |
_aRU _bРГБ _c20140211 _grcr |
|
| 801 | 1 |
_aRU _bRuMoRKP _c20131230 _2rusmarc |
|
| 942 | _cBOOK | ||
| 980 | _aNBR | ||